[Event "VIE-ch U11"]
[Site "Ho Chi Minh City"]
[Date "2014.07.15"]
[Round "4"]
[White "Le, Nhat Khanh Huy"]
[Black "Pham, Cao Ba Thien"]
[Result "1-0"]
[WhiteElo "1976"]
[BlackElo "1925"]
[PlyCount "63"]
[EventDate "2014.07.13"]
[EventType "swiss"]
[EventRounds "9"]
[EventCountry "VIE"]
[SourceTitle "EXT 2016"]
[Source "ChessBase"]
[SourceDate "2015.10.08"]
[SourceVersion "1"]
[SourceVersionDate "2015.10.08"]
[SourceQuality "1"]

1. e4 e5 2. Nf3 Nc6 3. Bb5 a6 4. Bxc6 dxc6 5. 0-0 Bd6 6. d4 Bg4 7. dxe5 Bxf3 8. Qxf3 Bxe5 9. Nc3 h6 10. Bf4 Qf6 11. Bxe5 Qxe5 12. Rad1 Nf6 13. h3 0-0 14. Qe3 Rfe8 15. f4 Qe7 16. e5 Nh7 17. Qg3 f6 18. Rfe1 Qc5+ 19. Kh1 fxe5 20. Rd7 Re7 21. Ne4 Qb4 22. c3 Rxd7 23. cxb4 exf4 24. Qxf4 Re8 25. Rf1 Rf8 26. Qc1 Rdd8 27. Nc5 Rd2 28. Nxb7 Rd7 29. Qxc6 Ng5 30. h4 Nf7 31. Nc5 Ne5 32. Qe6+ 1-0